| 000 | 00919nam a22003257a 4500 | ||
|---|---|---|---|
| 001 | BR2015002665 | ||
| 003 | BR-BrBNA | ||
| 005 | 20230928104628.0 | ||
| 007 | ta | ||
| 008 | 230509b bl.||||| |||| 00| 0 por d | ||
| 040 |
_aBR-BrBNA _bpor _cBiblioteca Nacional de Agricultura |
||
| 041 | _a(Por) | ||
| 072 |
_aL01; L70 _b5300 _b3888 |
||
| 090 | _ 5300 BR2015002665 | ||
| 100 | 1 | _aSobestiansky, J. (ed.) | |
| 100 | 1 | _aBarbarino Júnior, P. (ed.) | |
| 100 | 1 | _aSeyboth, L. (ed.) | |
| 100 | 1 | _aSantin, A.P.I. (ed.) | |
| 245 | 1 | _aSuinocultura intensiva: considerações sobre sistema imune e utilização de vacinas | |
| 260 | 3 |
_aGoiânia, GO (Brasil): _c2002. |
|
| 300 | _a56 p. | ||
| 500 | _a24 ref.; 10 illus.; 6 tables | ||
| 650 | _aSUINOCULTURA | ||
| 650 | _aSUÍNO | ||
| 650 | _aVACINA | ||
| 650 | _aIMUNIZAÇÃO | ||
| 650 | _aIMUNOLOGIA | ||
| 909 |
_a202309 _bLucia _c55 _dLucia Elande |
||
| 942 | _cBK | ||
| 999 |
_c80921 _d80921 |
||